000 03151ngm a2200481 4500
003 dpl
005 20100302154017.0
007 ta
008 ||||||sp199 xxu|||||c ||| 00| 0 ng d
010 _aDVD-005765-5772 & DVD-006332
024 _aDHIF1542S
_c99.00
035 _aDVD-005765-5772
035 _aDVD-006332
040 _aDPL
_cDPL
082 _aDVD / WEDN
245 _aA Wednesday
_cUTV Motion Picture Presents
_h[videorecording] DVD/
260 _bMoserbaer Entertainment
300 _a1 videodisc DVD;
_bsd., col. ;
_c4 3/4 in.
_fDVD
440 _aMoserbaer Home Entertainment
500 _aMoserbaer India Ltd. has obtained the necessary license/consent from the owner of the copyright in the works for making this DVD Film.
538 _aDolby Digital 5.1 - Hindi Subtitles: English
650 _aMotion Picture
700 _aPandey, Neeraj
700 _aScrewvala, Ronnie
700 _aBhatia, Shital
700 _aRizvi, Anjum
700 _aNaseeruddin Shah
700 _aKher, Anupam
700 _aShergil, Jimmy
700 _aBashir, Aamir
942 _cCF
_2ddc
_hDVD
_mWEDN
999 _c34347
_d34347